Statistics for Countries on the arctic circle

Click here to take the quiz!

General Stats

  • This quiz has been taken 260 times
  • The average score is 8 of 8

Answer Stats

Answer% Correct
Norway
100%
Canada
99%
Finland
99%
Sweden
99%
Russia
98%
United States
96%
Denmark (Greenland)
95%
Iceland
95%

Score Distribution

Percentile by Number Answered

Percent of People with Each Score

Your Score History

You have not taken this quiz